| 000 | 00527nam a2200181 a 4500 | ||
|---|---|---|---|
| 001 | 3251 | ||
| 005 | 20140414131914.0 | ||
| 008 | 060215s19uu xx 00 eng d | ||
| 020 | _a0-7214-0553-3 | ||
| 050 |
_aER _bH21 1994 |
||
| 100 | _aMurray, W. | ||
| 245 |
_aHappy holiday, bk. 7a / _cby W. Murray ; illustrations by J H Wingfield. |
||
| 260 |
_aLeicesterashire, UK : _bLadyBird Books, _c1994. |
||
| 300 | _a51 p. : ill. ; cm. | ||
| 440 | _aA Ladybird Book | ||
| 650 |
_aReading _xJuvenile literture. |
||
| 999 |
_c111346 _d111346 |
||